|
|
|
|
| LEADER |
01363nam a2200217 a 4500 |
| 001 |
00024670 |
| 008 |
120229s2009 bg ab b f000 0 eng d |
| 020 |
|
|
|a 9789843310286
|
| 040 |
|
|
|a DLC
|c DLC
|d BD-DhAAL
|
| 082 |
0 |
4 |
|a 551.6095492
|2 22
|
| 245 |
1 |
4 |
|a বাংলাদেশ জলবায়ু পরিবর্তন কৌশল ও কর্মপরিকল্পনা ২০০৯
|
| 260 |
|
|
|a ঢাকা :
|b পরিবেশ ও বন মণ্ত্রণালয়,গণপ্রজাতন্ত্রী বাংলাদেশ সরকার,
|c ২০০৯.
|
| 300 |
|
|
|a xviii, ৭৬ পৃ. :
|b চিত্র ;
|c ২৮ সে.মি.
|
| 500 |
|
|
|a প্রাথমিক শিরোনাম: গণপ্রজাতন্ত্রী বাংলাদেশ সরকার
|
| 504 |
|
|
|a গ্রন্থপঞ্জি অন্তর্ভূক্ত
|
| 541 |
|
|
|e 00024670
|
| 650 |
|
0 |
|a Climatic changes
|x Environmental aspects
|z Bangladesh
|
| 710 |
1 |
|
|a গণপ্রজাতন্ত্রী বাংলাদেশ সরকার
|b পরিবেশ ও বন মণ্ত্রণালয়
|
| 852 |
4 |
|
|a Ayesha Abed Library
|j General shelf
|
| 999 |
|
|
|c 11931
|d 11931
|
| 952 |
|
|
|0 0
|1 0
|4 0
|6 551_609549200000000_BAN
|7 0
|9 19509
|a BRACUL
|b BRACUL
|c GEN
|d 2012-02-29
|e Gifted by VC
|l 0
|o 551.6095492 BAN
|p 3010024670
|r 2012-02-29
|t 1
|w 2012-02-29
|y BK
|